Quiz sulla Nigeria - Statistics

Statistiche generali
  • Questo quiz è stato fatto 523 volte
  • Il punteggio medio è 10 su 18
Statistiche sulle risposte
Hint Risposta % Corretto
Niger
94%
Lingua ufficiale Inglese
87%
Città più popolose Lagos
87%
Capitale Abuja
86%
Paesi confinanti Benin
84%
Camerun
82%
Ciad
78%
La Nigeria è situata su questo golfo Golfo di {Guinea}
74%
I 2/3 delle risorse della Nigeria provengono da questa industria Petrolio
53%
Gruppo terroristico il cui nome significa "L'educazione occidentale è vietata" {Boko} Haram
52%
Soprannome dato all'industria cinematografica nigeriana {Nolly}wood
46%
Kano
35%
Yoruba
32%
Stile musicale reso popolare da Fela Kuti Afro {Beat}
30%
Igbo
29%
Gruppi etnici più numerosi Hausa
27%
La Nigeria è il principale produttore mondiale di questo tubero commestibile Yam
23%
Soprannome della squadra di calcio maschile della Nigeria che nel 1996 vinse la medaglia d'oro olimpica Super {Eagles}
20%
Nessun quiz corrispondente trovato
Distribuzione punteggi
Percentuale di utenti per punteggio
Percentile per numero di risposta
I tuoi punteggi nel tempo
Non hai fatto questo quiz